Länder, die Bulgarien am nächsten sind - Ein-Minuten-Sprint - Statistiken

Allgemein
  • Dieses Quiz wurde 96 mal gespielt
  • Das Durchschnittsergebnis liegt bei 14 aus 20
Antwortstatistiken
km Land % Korrekt
0 Rumänien
96%
0 Serbien
96%
0 Türkei
93%
0 Griechenland
88%
0 Nordmazedonien
88%
0 Kosovo
86%
148 Albanien
82%
148 Ukraine
81%
258 Ungarn
79%
315 Kroatien
75%
221 Bosnien und Herzegowina
74%
175 Montenegro
74%
164 Moldawien
73%
535 Slowenien
73%
358 Russland
60%
570 Österreich
53%
497 Slowakei
52%
640 Tschechien
47%
400 Italien
40%
533 Polen
38%
Keine übereinstimmenden Quizze gefunden
Verteilung der Resultate
Anzahl Personen mit jedem Resultat
Perzentil nach korrekt beantworteten Fragen
Ihre Resultats-Entwicklung
Sie haben dieses Quiz noch nicht gespielt